000 00651cam a2200241 a 4500
999 _c1114
_d1114
001 537933
003 OSt
005 20211008102858.0
008 131024s1993 nyu e 000 1 eng d
020 _a9780345802897 (pbk.) :
040 _aTWTCL
_beng
_eaacr
_cKH8
041 0 _aeng
042 _anbic
082 _aFIC FAU
100 1 _aFaulks, Sebastian,
_d1953-
245 1 0 _aBirdsong /
_cSebastian Faulks.
246 1 _iSubtitle from title :
_aA novel of love and war.
250 _a1st ed.
260 _aNew York :
_bVintage Books,
_cc1993.
300 _a483 p. ;
_c21 cm.
650 0 _aWorld war
_y1914-1918
_xFiction.
942 _2ddc
_cFIC